[Event "EU-chT Seniors 50"]
[Site "Novi Sad"]
[Date "2017.06.30"]
[Round "6.1"]
[White "Buljic, Milorad"]
[Black "Mladenovic, Dusan"]
[Result "0-1"]
[WhiteElo "1985"]
[BlackElo "2047"]
[PlyCount "54"]
[EventDate "2017.06.25"]
[EventType "team-tourn"]
[EventRounds "9"]
[EventCountry "SRB"]
[SourceTitle "CBM 179 Extra"]
[Source "ChessBase"]
[SourceDate "2017.08.23"]
[SourceVersion "1"]
[SourceVersionDate "2017.08.23"]
[SourceQuality "1"]
[WhiteTeam "Serbia Penzioner 50"]
[BlackTeam "Serbia Chess Kruzok 50"]
[WhiteTeamCountry "SRB"]
[BlackTeamCountry "SRB"]

1. d4 Nf6 2. c4 c5 3. Nf3 cxd4 4. Nxd4 e5 5. Nf3 Nc6 6. Bg5 Bc5 7. e3 Qa5+ 8. Nfd2 Ne4 9. Bh4 d6 10. Bd3 Bf5 11. Ke2 Nxd2 12. Qxd2 e4 13. Bc2 Qa6 14. Qd5 Nb4 15. Ba4+ Qxa4 16. Qxf5 Qc2+ 17. Nd2 0-0 18. Qxe4 Qxb2 19. Rhb1 Qa3 20. Qxb7 Qc3 21. Rc1 Qd3+ 22. Kd1 Qg6 23. Qe4 f5 24. Qf3 f4 25. Be7 fxe3 26. Bxf8 Rxf8 27. Qg3 Qd3 0-1